|
|
|
|
| LEADER |
01715nam a2200421 a 4500 |
| 001 |
EBC405534 |
| 003 |
MiAaPQ |
| 005 |
20200520144314.0 |
| 006 |
m o d | |
| 007 |
cr cn||||||||| |
| 008 |
080428s2008 ne k s 001 0 eng |
| 010 |
|
|
|z 2008019310
|
| 020 |
|
|
|z 9781597492560 (pbk.)
|
| 020 |
|
|
|z 1597492566 (pbk.)
|
| 035 |
|
|
|a (MiAaPQ)EBC405534
|
| 035 |
|
|
|a (Au-PeEL)EBL405534
|
| 035 |
|
|
|a (CaPaEBR)ebr10254693
|
| 035 |
|
|
|a (CaONFJC)MIL176294
|
| 035 |
|
|
|a (OCoLC)437246461
|
| 040 |
|
|
|a MiAaPQ
|c MiAaPQ
|d MiAaPQ
|
| 043 |
|
|
|a n-us---
|
| 050 |
|
4 |
|a KF390.5.C6
|b L36 2008
|
| 082 |
0 |
4 |
|a 343.7309/944
|2 22
|
| 100 |
1 |
|
|a Landy, Gene K.
|
| 245 |
1 |
4 |
|a The IT/digital legal companion
|h [electronic resource] :
|b a comprehensive business guide to software, Internet, and IP law : includes contracts and web forms /
|c Gene K. Landy ; editing and additional content by Amy J. Mastrobattista.
|
| 260 |
|
|
|a Amsterdam ;
|a Boston :
|b Syngress/Elsevier,
|c c2008.
|
| 300 |
|
|
|a xliv, 1209 p. :
|b forms.
|
| 500 |
|
|
|a Includes index.
|
| 533 |
|
|
|a Electronic reproduction. Ann Arbor, MI : ProQuest, 2015. Available via World Wide Web. Access may be limited to ProQuest affiliated libraries.
|
| 650 |
|
0 |
|a Internet
|x Law and legislation
|z United States.
|
| 650 |
|
0 |
|a Electronic commerce
|x Law and legislation
|z United States.
|
| 650 |
|
0 |
|a Data protection
|x Law and legislation
|z United States.
|
| 650 |
|
0 |
|a Intellectual property
|z United States.
|
| 650 |
|
0 |
|a Information technology
|z United States.
|
| 655 |
|
4 |
|a Electronic books.
|
| 700 |
1 |
|
|a Mastrobattista, Amy J.
|
| 710 |
2 |
|
|a ProQuest (Firm)
|
| 856 |
4 |
0 |
|u https://ebookcentral.proquest.com/lib/matrademy/detail.action?docID=405534
|z Click to View
|